000 00822nas a2200265 4500
001 BR2014002686
003 BR-BrBNA
005 20231205123952.0
007 ta
008 230509b bl.|||p| |||| 00| 00por d
040 _aBR-BrBNA
_bpor
_cBiblioteca Nacional de Agricultura
041 _a(Pt)
072 _aH10
100 1 _aOliveira, A.S. de
100 1 _aSilva, R.A. da
245 1 _aOcorrência e patogenicidade de meloidogyne javanica sobre plantas de teca (Tectona grandis Linn. F.)
650 _aTECA
650 _aTECTONA GRANDIS
650 _aMELOIDOGYNE JAVANICA
650 _aNEMATÓIDE
650 _aPATOGENICIDADE
773 0 _tCiência Florestal (Brazil)
_xISSN 0103-9954
_g(Oct-Dec 2013), v. 23(4) p. 563-569
_wBR2014002686
909 _a202311
_bLúcia
_c55
_dLúcia Elande
942 _2AGRIS
_n0
_cANA
999 _c236665
_d236665